Megadeath - Holy Wars... The Punishment Due All Lyrics - Statistics

General Stats
  • This quiz has been taken 21 times
  • The average score is 182 of 251
Answer Stats
Answer % Correct
A
100%
a
100%
Holy
100%
I
100%
kill
100%
the
100%
The
100%
war
100%
Brother
94%
brother
94%
Do
94%
don't
94%
Don't
94%
for
94%
Wars
94%
will
94%
across
89%
and
89%
be
89%
Killing
89%
land
89%
me
89%
no
89%
religion
89%
Some
89%
some
89%
something
89%
to
89%
understand
89%
you
89%
all
83%
blood
83%
cross
83%
Down
83%
down
83%
it
83%
My
83%
my
83%
of
83%
spilling
83%
thing
83%
thou
83%
baby
78%
come
78%
Fools
78%
foreign
78%
is
78%
know
78%
like
78%
more
78%
on
78%
sea
78%
they
78%
They
78%
who
78%
wife
78%
away
72%
destroy
72%
God
72%
homeland
72%
in
72%
Israel
72%
killed
72%
look
72%
might
72%
rocks
72%
take
72%
their
72%
way
72%
your
72%
as
67%
behind
67%
command
67%
country
67%
crime
67%
die
67%
disgrace
67%
divided
67%
Either
67%
First
67%
God's
67%
holier
67%
it's
67%
lands
67%
last
67%
lines
67%
mistake
67%
not
67%
now
67%
scholar
67%
sheep
67%
Sneak
67%
stand
67%
surely
67%
than
67%
that's
67%
they'll
67%
thoughts
67%
wage
67%
alliance
61%
Ask
61%
attacks
61%
beliefs
61%
by
61%
clear
61%
employ
61%
foolish
61%
killings
61%
master
61%
mercy
61%
Mercy
61%
Next
61%
organized
61%
people
61%
with
61%
could
56%
end
56%
enslave
56%
giants
56%
hopes
56%
live
56%
mistakes
56%
naive
56%
near
56%
plan
56%
podium
56%
Up
56%
crystal
50%
messenger
50%
part
50%
past
50%
slay
50%
Upon
50%
lack
44%
law
44%
overdose
44%
Paid
44%
pulpit
44%
soapbox
44%
what
44%
bang
39%
erased
39%
gavel's
39%
granite
39%
judgement
39%
leader
39%
out
39%
rappel
39%
uphold
39%
ain't
33%
change
33%
cracks
33%
Fill
33%
judicial
33%
risk
33%
said
33%
scream
33%
seat
33%
world
33%
mean
28%
say
28%
thinking
28%
Because
22%
must
22%
No matching quizzes found
Score Distribution
Percent of People with Each Score
Percentile by Number Answered
Your Score History
You have not taken this quiz